000 00395nam a2200145Ia 4500
008 211109s9999||||xx |||||||||||||| ||und||
082 _a894.8123
_bMUK-A
100 _aMukundhan, M
245 0 _aAval Paranju Varoo
260 _bAddison-Wesley
_aTokyo
_c1986
300 _a176p.
630 _xGENERAL STACK
650 _aMalayalam
_vMalayalam literature
_xMalayalam novelGeneralia
942 _cBOOK
999 _c39822
_d39822